[Event "Berks & Bucks Reserves op-B"]
[Site "Maidenhead"]
[Date "2024.08.24"]
[Round "1"]
[White "Melvin, Ashley"]
[Black "Ghose, Azhar"]
[Result "1-0"]
[WhiteElo "1281"]
[BlackElo "1361"]
[PlyCount "33"]
[EventDate "2024.08.24"]
[EventType "swiss"]
[EventRounds "6"]
[EventCountry "ENG"]
[SourceTitle "CBM 221 Extra"]
[Source "ChessBase"]
[SourceDate "2024.09.30"]
[SourceVersion "1"]
[SourceVersionDate "2024.09.30"]
[SourceQuality "1"]

1. e4 d5 2. exd5 Qxd5 3. Nf3 Nf6 4. Nc3 Qa5 5. Bc4 Bg4 6. d3 c6 7. Bd2 Qb6 8. Ne4 Nbd7 9. Bc3 0-0-0 10. Qd2 Nxe4 11. dxe4 e6 12. Qf4 Bh5 13. Ng5 Nf6 14. Bxf6 gxf6 15. Nxe6 Qb4+ 16. c3 Qxc4 17. Qc7# 1-0